000
003390000a22001450004500
005
20120302055451.0
942
_c
BOOK
245
_a
Bhaashechaa Navaa Abhyaas
260
_a
Pune:Jagatap-Kaarale Prakaashan,1960.
300
_a
210p.
040
_a
MAR
365
_b
2/-
650
_a
Bhaashaashastra
650
_a
Maraathi-Bhaashaashastra
999
_c
348483
_d
348480